01315nam a2200241 a 4500003000900000005001700009007000300026008004100029040002500070082001400095245016300109260003400272300003600306505041800342650004500760650004200805650005500847650004900902700002600951700002300977700001801000710005501018DO-SdBNP20220126100346.0ta220125e2012 dr adb|gr|||| 001 0 spa d aDO-SdBNPbspacBNPHU 4222bP699n10aPlan Nacional de desarrollo de la industria minera e hidrocarburos :bRepública Dominicana, 2012 - 2030 /cMarcó U. Pérez, Miguel A. Peña, Juan A. Gil aSanto Domingo :bCAMPE,c2012 a57 [4] p. :bil., mapas;c28 cm0 a Prefacio. t1. Introducción.t2. Estado actual del sector.--t3. Planificación y Desarrollo de la Industria Minera-Hidrocarburo.--t4. Potencial Minero-Hidrocarburos de la República Dominicana.--t5. El sector minero y la Economía dominicana.--t6. Plan Nacional de desarrollo de la Industria Minera.--t7. Proyectos a corto y mediano plazo del Sector Minero.--t8. Conclusión.--t9. Referencias. 4aIndustria MinerazRepública Dominicana 4aHidrocarburoszRepública Dominicana 4aPlanificación IndustrialzRepública Dominicana 0aPlanes de DesarrollozRepública Dominicana1 aPérez, Marcó U. 1 a Peña, Miguel A.1 aGil, Juan A. 2 aCámara Minera Petrolera (República Dominicana)